Welcome to the Holygrace Academy Library

Please use search bar below to get started

THE TALE OF THREE CALENDERS AND OTHER TALES (Record no. 3341)

MARC details
000 -LEADER
fixed length control field 00328nam a22001337a 4500
020 ## - INTERNATIONAL STANDARD BOOK NUMBER
ISBN 978-81-8408-254-8
082 ## - DEWEY DECIMAL CLASSIFICATION NUMBER
Classification number 823
Item number IND/T
100 ## - MAIN ENTRY--AUTHOR NAME
Personal name INDIANA
245 ## - TITLE STATEMENT
Title THE TALE OF THREE CALENDERS AND OTHER TALES
260 ## - PUBLICATION, DISTRIBUTION, ETC. (IMPRINT)
Place of publication DELHI
Name of publisher INDIANA PUBLISHING HOUSE
Year of publication 2012
300 ## - PHYSICAL DESCRIPTION
Number of Pages 223
650 ## - SUBJECT ADDED ENTRY--TOPICAL TERM
Topical Term SHORT STORIES
Geographic subdivision INDIA
942 ## - ADDED ENTRY ELEMENTS (KOHA)
Koha item type Books
Holdings
Withdrawn status Lost status Collection code Home library Current library Shelving location Date acquired Source of acquisition Cost, normal purchase price Full call number Accession Number Koha item type
    Fiction Main Library Main Library SHELF-14F- ALPHABETICAL H,I --ENGLISH NOVELS & FICTIONS 28/11/2019 purchase 195.00 823 IND/T 12077 Books